|
|
|
|
| LEADER |
00000cam a2200000 7i4500 |
| 001 |
0000002299 |
| 005 |
20030523.0 |
| 020 |
0 |
0 |
|a 1861006934
|
| 090 |
0 |
0 |
|a 005.2762
|b BEL 2002
|
| 100 |
1 |
0 |
|a BELLINASO
|h Marco
|
| 245 |
1 |
0 |
|a ASP.NET website programming :
|b problem-design-solution
|c Marco Bellinaso, Kevin Hoffman
|
| 260 |
0 |
0 |
|a Birmingham, UK :
|b Wrox Press ,
|c 2002
|
| 300 |
|
|
|a ix, 539 p. ;
|c 23 cm.
|
| 500 |
0 |
0 |
|a Includes index
|
| 650 |
0 |
0 |
|a Internet programming
|
| 650 |
0 |
0 |
|a Web servers
|x Computer programs
|
| 700 |
0 |
1 |
|a Hoffman
|h Kevin
|
| 998 |
|
|
|a JPSM
|
| 999 |
|
|
|a 0000004319
|b Monograph
|c Open Shelf
|e Default branch
|